000 00237nam a2200109Ia 4500
008 170627s9999 xx 000 0 und d
100 _aPAUL- JUSTIN
245 0 _aINTERNATIONAL BUSINESS
260 _bPHI
260 _c2005
546 _aENGLISH
690 _aBUSINESS
999 _c35410
_d35410